| 000 | 00825nam a22002297a 4500 | ||
|---|---|---|---|
| 003 | 0 | ||
| 005 | 20250527111223.0 | ||
| 008 | 220627b xxu||||| |||| 00| 0 eng d | ||
| 020 | _a978-0-19-843452-8 | ||
| 050 |
_aTR IB PE 1460 _b.A445 2019 |
||
| 100 |
_aAllison, Rob, _eauthor. |
||
| 245 |
_aEnglish a: _blanguage and Literature: course companion / _cRob Allison & Brian Chanen. |
||
| 250 | _a2nd ed. | ||
| 260 |
_aOxford, United Kingdom: _bOxford University press, _c2019. |
||
| 300 |
_avi, 402 pages : _bcolor illustrations ; _c28 cm. |
||
| 500 | _aOxford IB Diploma Program. | ||
| 504 | _aIncludes bibliographical references and index. | ||
| 650 |
_aEnglish language _xExaminations _vStudy guides. |
||
| 650 |
_aEnglish literature _xExaminations _vStudy guides. |
||
| 700 |
_aChanen, Brian, _eauthor. |
||
| 942 |
_2lcc _cBK |
||
| 999 |
_c364733 _d364733 |
||